The Economic Impact of New Firms in Post-socialist Countries : (Record no. 612064)

MARC details
000 -LEADER
fixed length control field 00588nam a2200193 a 4500
008 - FIXED-LENGTH DATA ELEMENTS--GENERAL INFORMATION
fixed length control field 260212s1996##################000#0#eng##
020 ## - INTERNATIONAL STANDARD BOOK NUMBER
ISBN 9781858981215
082 04 - DEWEY DECIMAL CLASSIFICATION NUMBER
Classification number 330.9
Item number BRE
100 1# - MAIN ENTRY--AUTHOR NAME
Personal name Studies, European Association for Comparative Economic,
245 10 - TITLE STATEMENT
Title The Economic Impact of New Firms in Post-socialist Countries :
260 ## - PUBLICATION, DISTRIBUTION, ETC. (IMPRINT)
Name of publisher Edward Elgar Publishing,
Year of publication 1996.
300 ## - PHYSICAL DESCRIPTION
Number of Pages 296 pages
650 #0 - SUBJECT ADDED ENTRY--TOPICAL TERM
Topical Term Business & Economics.
942 ## - ADDED ENTRY ELEMENTS (KOHA)
Koha item type English Books
Holdings
Withdrawn status Lost status Damaged status Not for loan Home library Current library Shelving location Date acquired Full call number Accession Number Price effective from Koha item type
        Anna Centenary Library Anna Centenary Library 4TH FLOOR, A WING 12.02.2026 330.9 BRE 344403 12.02.2026 English Books

Find us on the map